书目信息 |
| 题名: |
考研必备(2001年版)数学复习全书(经济类)
|
|
| 作者: | 范培华 主编 | |
| 分册: | ||
| 出版信息: | 北京 国家行政出版社 2000.03 |
|
| 页数: | 384页 | |
| 开本: | 16开 | |
| 丛书名: | ||
| 单 册: | ||
| 中图分类: | O13 | |
| 科图分类: | ||
| 主题词: | 高等数学 | |
| 电子资源: | ||
| ISBN: | 7-80140-113-1 | |
| 000 | 00619nam0 2200193 45 | |
| 001 | 0008071091 | |
| 005 | 20000807101356.0 | |
| 010 | @a7-80140-113-1@d32.00元 | |
| 100 | @a20000807d2000 km y0chiy0120 ea | |
| 101 | 0 | @achi |
| 105 | @a z 000yy | |
| 200 | 1 | @a考研必备(2001年版)数学复习全书(经济类)@AKao Yan Bi Bei(2001 Nian Ban)Shu Xue Fu Xi Quan Shu(Jing Ji Lei)@f范培华等主编@FFan Pei Hua Deng Zhu Bian |
| 210 | @a北京@c国家行政出版社@d2000.03 | |
| 215 | @a384页@d16开 | |
| 606 | 0 | @a高等数学 |
| 690 | @aO13@v3 | |
| 701 | 0 | @a范培华@4主编 |
| 801 | @aCN@bPftUser@c20000807 | |
| 905 | @b91702-704@dO13@eF327@f3 | |
| 考研必备(2001年版)数学复习全书(经济类)/范培华等主编.-北京:国家行政出版社,2000.03 |
| 384页;16开 |
| ISBN 7-80140-113-1:32.00元 |
| ● |
| 相关链接 |
|
|
|
正题名:考研必备(2001年版)数学复习全书(经济类)
索取号:O13/F327
 
预约/预借
| 序号 | 登录号 | 条形码 | 馆藏地/架位号 | 状态 | 备注 |
| 1 | 91702 | 200917026 | 自科库401/401自科库 106排3列2层/ [索取号:O13/F327] | 在馆 | |
| 2 | 91703 | 200917035 | 自科库401/ [索取号:O13/F327] | 在馆 | |
| 3 | 91704 | 200917044 | 自科库401/401自科库 106排3列2层/ [索取号:O13/F327] | 在馆 |